|
|
|
|
| LEADER |
00800nab a2200241 i 4500 |
| 001 |
misc65048 |
| 005 |
20240906121548.0 |
| 008 |
240220s1960 hu o 000 ger d |
| 040 |
|
|
|a SZTE Miscellanea Repozitórium
|b hun
|
| 041 |
|
|
|a ger
|
| 041 |
|
|
|a tur
|
| 100 |
1 |
|
|a Tietze Andreas
|
| 245 |
1 |
0 |
|a Studien zur türkischen Syntax
|h [elektronikus dokumentum] :
|b etwas oder so etwas Ähnliches /
|c Tietze Andreas
|
| 260 |
|
|
|c 1960
|
| 300 |
|
|
|a 250-261
|c 23 cm
|
| 300 |
|
|
|a [12] p.
|c 23 cm
|
| 490 |
0 |
|
|a Wiener Zeitschrift für die Kunde des Morgenlandes
|
| 561 |
|
|
|a Németh Gyula hagyaték
|
| 591 |
|
|
|a NOA 6082
|
| 650 |
|
4 |
|a Bölcsészettudományok
|
| 650 |
|
4 |
|a Nyelvek és irodalom
|
| 695 |
|
|
|a Török nyelvészet
|
| 856 |
4 |
0 |
|u http://misc.bibl.u-szeged.hu/65048/1/6082_noa.pdf
|z Dokumentum-elérés
|